| 000 | 00000nam##2200000za#4500 |
| 001 | 9.697161 |
| 003 | CaOODSP |
| 005 | 20210624235346 |
| 007 | cr ||||||||||| |
| 008 | 150407|1991||||xxc|||||o f|0| 0 eng|d |
| 040 | |aCaOODSP|beng |
| 043 | |an-cn--- |
| 086 | 1 |aCS92-N0018/1991E-PDF |
| 245 | 00|aIndian reserve census representative training guide for canvasser reserve areas and canvasser Indian settlements |h[electronic resource] |
| 260 | |aOttawa - Ontario : |bStatistics Canada |c1991. |
| 500 | |aHistorical census publication digitized by Statistics Canada. |
| 590 | |a13-04-Supp|b2013-02-13 |
| 690 | 07|aCensus|2gcpds |
| 710 | 2 |aStatistics Canada. |
| 775 | 08|tGuide de formation des recenseurs chargés des réserves indiennes - secteurs de recensement par interview |w(CaOODSP)9.641229 |
| 856 | 40|ahttp://publications.gc.ca|qPDF|s3.9 MB|uhttps://publications.gc.ca/collections/collection_2013/statcan/rh-hc/CS92-N0018-1991-eng.pdf |